Planning and implementation of policies and programmes for Youth: report of the short training course, held in conjuction with the Ministry of Youth and Sport, Zambia, at the Commonwealth Youth programme Africa centre, Lusaka, 7- 18 september 1981. (Record no. 53689)

MARC details
000 -LEADER
fixed length control field 00888nam a2200169 a 4500
008 - FIXED-LENGTH DATA ELEMENTS--GENERAL INFORMATION
fixed length control field 100906s1982 ||||||||||||||||| || u
050 ## - LIBRARY OF CONGRESS CALL NUMBER
Classification number COMM(02)
100 ## - MAIN ENTRY--PERSONAL NAME
Personal name Chan, Stephen
245 10 - TITLE STATEMENT
Title Planning and implementation of policies and programmes for Youth: report of the short training course, held in conjuction with the Ministry of Youth and Sport, Zambia, at the Commonwealth Youth programme Africa centre, Lusaka, 7- 18 september 1981.
Statement of responsibility, etc. edited by Stephen Chan
260 ## - PUBLICATION, DISTRIBUTION, ETC.
Place of publication, distribution, etc. Lusaka:
Name of publisher, distributor, etc. Commonwealth Youth Programme Africa Centre Lusaka
Date of publication, distribution, etc. 1982
300 ## - PHYSICAL DESCRIPTION
Extent 161p.: ill.
350 ## - PRICE (NR) (BK AM CF MU VM SE) [OBSOLETE]
Price 0.00
650 ## - SUBJECT ADDED ENTRY--TOPICAL TERM
Topical term or geographic name entry element YOUTH
650 ## - SUBJECT ADDED ENTRY--TOPICAL TERM
Topical term or geographic name entry element YOUTH--SERVICES FOR--ZAMBIA--CONGRESSES
710 ## - ADDED ENTRY--CORPORATE NAME
Corporate name or jurisdiction name as entry element Commonwealth Youth Programme Africa Centre Lusaka
995 ## - RECOMMENDATION 995 [LOCAL, UNIMARC FRANCE]
-- 0.00
-- CBU-MAIN LIBRARY (Kitwe)
-- 1
-- 0.00
-- 1
-- AVAILABLE
-- Sep 6, 2010
-- Zambiana Collection
Holdings
Withdrawn status Lost status Source of classification or shelving scheme Damaged status Not for loan Home library Current library Shelving location Date acquired Total Checkouts Full call number Barcode Date last seen Price effective from Koha item type
          CBU-MAIN LIBRARY, KITWE. CBU-MAIN LIBRARY, KITWE.   11/30/2022   COMM(02) Z03007073 11/30/2022 11/30/2022 MONOGRAPH